000
00293nam a2200121Ia 4500
008
220204s9999 xx 000 0 und d
082
_a
635.9
_b
DAV
100
_a
DAVIDSON, William
245
0
_a
All about house plants
260
_a
London
_b
Hamyln
_c
1974
650
_a
House plants
942
_c
BK
999
_c
38438
_d
38438